<?xml version="1.0" encoding="UTF-8"?><?xml-stylesheet type="text/xsl" href="static/style.xsl"?><OAI-PMH xmlns="http://www.openarchives.org/OAI/2.0/" xmlns:xsi="http://www.w3.org/2001/XMLSchema-instance" xsi:schemaLocation="http://www.openarchives.org/OAI/2.0/ http://www.openarchives.org/OAI/2.0/OAI-PMH.xsd"><responseDate>2026-06-02T21:39:29Z</responseDate><request verb="GetRecord" identifier="oai:riuma.uma.es:10630/24799" metadataPrefix="marc">https://riuma.uma.es/rest/oai/request</request><GetRecord><record><header><identifier>oai:riuma.uma.es:10630/24799</identifier><datestamp>2026-02-03T12:25:38Z</datestamp><setSpec>com_10630_2254</setSpec><setSpec>col_10630_37959</setSpec></header><metadata><record xmlns="http://www.loc.gov/MARC21/slim" xmlns:dcterms="http://purl.org/dc/terms/" xmlns:doc="http://www.lyncode.com/xoai" xmlns:xsi="http://www.w3.org/2001/XMLSchema-instance" xsi:schemaLocation="http://www.loc.gov/MARC21/slim http://www.loc.gov/standards/marcxml/schema/MARC21slim.xsd">
   <leader>00925njm 22002777a 4500</leader>
   <datafield ind2=" " ind1=" " tag="042">
      <subfield code="a">dc</subfield>
   </datafield>
   <datafield ind2=" " ind1=" " tag="720">
      <subfield code="a">Gómez Pérez, África Yolanda</subfield>
      <subfield code="e">author</subfield>
   </datafield>
   <datafield ind2=" " ind1=" " tag="720">
      <subfield code="a">Torres-Prioris, María José</subfield>
      <subfield code="e">author</subfield>
   </datafield>
   <datafield ind2=" " ind1=" " tag="720">
      <subfield code="a">Melgar Mota, Ana</subfield>
      <subfield code="e">author</subfield>
   </datafield>
   <datafield ind2=" " ind1=" " tag="720">
      <subfield code="a">Hohl, Ariane</subfield>
      <subfield code="e">author</subfield>
   </datafield>
   <datafield ind2=" " ind1=" " tag="720">
      <subfield code="a">Gutiérrez-Cordero, Ismael</subfield>
      <subfield code="e">author</subfield>
   </datafield>
   <datafield ind2=" " ind1=" " tag="720">
      <subfield code="a">Ariza-Corbo, María José</subfield>
      <subfield code="e">author</subfield>
   </datafield>
   <datafield ind2=" " ind1=" " tag="720">
      <subfield code="a">Ortega Palacios, Ricardo</subfield>
      <subfield code="e">author</subfield>
   </datafield>
   <datafield ind2=" " ind1=" " tag="720">
      <subfield code="a">Alfaro Rubio, Francisco</subfield>
      <subfield code="e">author</subfield>
   </datafield>
   <datafield ind2=" " ind1=" " tag="720">
      <subfield code="a">Edelkraut, Lisa</subfield>
      <subfield code="e">author</subfield>
   </datafield>
   <datafield ind2=" " ind1=" " tag="720">
      <subfield code="a">Berthier-Torres, Marcelo Luis</subfield>
      <subfield code="e">author</subfield>
   </datafield>
   <datafield ind2=" " ind1=" " tag="720">
      <subfield code="a">Dávila-Arias, María Guadalupe</subfield>
      <subfield code="e">author</subfield>
   </datafield>
   <datafield ind2=" " ind1=" " tag="260">
      <subfield code="c">2022</subfield>
   </datafield>
   <datafield ind2=" " ind1=" " tag="520">
      <subfield code="a">Objectives: &#xd;
(a) To evaluate the benefits promoted by two modalities of intensive language-action therapy, telerehabilitation (Tele-ILAT) and face-to-face (ILAT), applied alone and in combination with Donepezil to persons with chronic post-stroke aphasia (PSA) (phase 1). &#xd;
(b) To examine the best remote or hybrid strategy to maintain the gains in language and language-affiliated behaviours (communication, psychological adjustment, and quality of life) promoted by both modalities of ILAT, and to determine the efficacy of these interventions in reducing the therapist burden (phase 2).&#xd;
(c) To identify potential predictors of treatment response, including gene markers, and to detect changes in language,   cognition, emotional functions and neural plasticity using multimodal MRI. &#xd;
Methodology: &#xd;
Estimated sample size: 48 participants with chronic PSA are required to obtain a power of 80% (  increment of 5 points ± 4) relative to baseline scores on the Western Aphasia Battery-Revised.&#xd;
Methods and design: a randomized control trial involving four groups comparing the effectiveness of ILAT applied online, and face-to-face administered alone and with Donepezil (phase 1); three quasi-randomised parallel groups (asynchronous, hybrid and control) (phase 2). &#xd;
Results and conclusions: &#xd;
Primary outcome measures: aphasia severity, communication, behaviour, and quality of life.   Evaluations will determine potential predictive variables of response, as well as brain and language changes associated with the treatments at different timepoints. &#xd;
This trial will determine: (a) whether Tele-ILAT administered alone and combined with Donepezil reduces aphasia severity and language-affiliated deficits in the same manner as face-to-face ILAT and the contribution of adding Donepezil to these interventions; (b) the best long-term remote maintenance-therapy.</subfield>
   </datafield>
   <datafield ind1="8" ind2=" " tag="024">
      <subfield code="a">https://hdl.handle.net/10630/24799</subfield>
   </datafield>
   <datafield tag="653" ind2=" " ind1=" ">
      <subfield code="a">Logoterapia</subfield>
   </datafield>
   <datafield tag="653" ind2=" " ind1=" ">
      <subfield code="a">Lenguaje - Aspectos fisiológicos</subfield>
   </datafield>
   <datafield ind2="0" ind1="0" tag="245">
      <subfield code="a">Efficacy Of Intensive Tele-Rehabilitation Combined With Donepezil Compared To Face-to-face Administration</subfield>
   </datafield>
</record>
</metadata></record></GetRecord></OAI-PMH>